[Event "IHEM"]
[Site "Hamburg"]
[Date "1999.05.28"]
[Round "7.2"]
[White "Kempinski, Robert"]
[Black "Bach, Matthias"]
[Result "1-0"]
[WhiteElo "2533"]
[BlackElo "2337"]
[PlyCount "165"]
[EventDate "1999.05.22"]
[Source "ChessBase"]
[SourceDate "1999.10.01"]

1. d4 d5 2. c4 e6 3. Nf3 c5 4. cxd5 exd5 5. Nc3 Nc6 6. g3 Nf6 7. Bg2 Be7 8. O-O
O-O 9. Bg5 c4 10. Ne5 Be6 11. b3 h6 12. Bxf6 Bxf6 13. Nxc6 bxc6 14. bxc4 dxc4
15. e3 Qa5 16. Rc1 Rac8 17. Qa4 Qxa4 18. Nxa4 Be7 19. Rfd1 Rfd8 20. Rc2 Bb4 21.
Bf3 c5 22. d5 Bd7 23. Nc3 Re8 24. Rcc1 Rb8 25. d6 Ba3 26. Rc2 Rb2 27. Rdd2 Reb8
28. Ne4 Rxc2 29. Rxc2 Be6 30. Be2 Bd5 31. Nd2 Bb4 32. Bxc4 Bc6 33. Bf1 Rd8 34.
Nc4 Bd5 35. a3 Bxc4 36. Bxc4 Bxa3 37. Ra2 Bb4 38. Rxa7 Rxd6 39. Rxf7 Kh7 40.
Rf8 Rd1+ 41. Kg2 g5 42. Rf6 Kg7 43. Rc6 Rd2 44. h4 gxh4 45. gxh4 Rb2 46. h5 Be1
47. Rg6+ Kh7 48. Kf1 Bb4 49. Bd3 Rd2 50. Be4 Rb2 51. Kg2 Bc3 52. Rc6+ Kg7 53.
Rxc5 Be1 54. Bc2 Bb4 55. Rc6 Be7 56. Kg3 Bf6 57. Rc7+ Kf8 58. f4 Bd8 59. Rc8
Ke7 60. Kg4 Rb7 61. Bg6 Rc7 62. Ra8 Rc1 63. e4 Rg1+ 64. Kf5 Rc1 65. e5 Rc6 66.
Kg4 Rc4 67. Bd3 Rd4 68. Bb5 Kf7 69. Kf5 Be7 70. Ra6 Bf8 71. Rf6+ Kg7 72. Be8
Bb4 73. Rg6+ Kf8 74. Bc6 Bd2 75. Be4 Rd7 76. Kg4 Rg7 77. Bf5 Rxg6+ 78. hxg6 h5+
79. Kf3 h4 80. Be4 h3 81. f5 h2 82. Kg2 Bf4 83. f6 1-0

[Event "IHEM"]
[Site "Hamburg"]
[Date "1999.05.28"]
[Round "7.3"]
[White "Heinemann, Thies"]
[Black "Loeffler, Stefan"]
[Result "1/2-1/2"]
[WhiteElo "2483"]
[BlackElo "2385"]
[PlyCount "83"]
[EventDate "1999.05.22"]
[Source "ChessBase"]
[SourceDate "1999.10.01"]

1. e4 c5 2. Nf3 e6 3. d4 cxd4 4. Nxd4 Qb6 5. Nb3 Nc6 6. Be3 Qc7 7. g3 Nf6 8.
Bg2 d5 9. exd5 Nxd5 10. Bxd5 exd5 11. Qe2 Qe5 12. Nc3 Bb4 13. Bd4 Qxe2+ 14.
Kxe2 Nxd4+ 15. Nxd4 Bxc3 16. bxc3 Ke7 17. Kd2 Bd7 18. Rab1 b6 19. Rhe1+ Kd6 20.
Re3 Rae8 21. Rbe1 Rxe3 22. Rxe3 h5 23. Rf3 f6 24. Nf5+ Bxf5 25. Rxf5 h4 26. g4
Ke6 27. Kd3 Rc8 28. Rh5 Rc4 29. Rxh4 Ra4 30. f3 Rxa2 31. Rh8 Ke5 32. Rh7 g5 33.
h4 gxh4 34. Rxh4 Kf4 35. Rh6 Kxf3 36. Rxf6+ Kxg4 37. Rf7 Ra1 38. c4 Ra5 39.
cxd5 Rxd5+ 40. Ke4 Rc5 41. Rg7+ Kh4 42. Rxa7 1/2-1/2

[Event "IHEM"]
[Site "Hamburg"]
[Date "1999.05.28"]
[Round "7.4"]
[White "Lamprecht, Frank"]
[Black "Urban, Klaudiusz"]
[Result "1/2-1/2"]
[WhiteElo "2399"]
[BlackElo "2444"]
[PlyCount "148"]
[EventDate "1999.05.22"]
[Source "ChessBase"]
[SourceDate "1999.10.01"]

1. d4 Nf6 2. c4 g6 3. Nc3 d5 4. cxd5 Nxd5 5. e4 Nxc3 6. bxc3 Bg7 7. Nf3 c5 8.
Be3 O-O 9. Be2 Qa5 10. Qd2 Nc6 11. Rd1 Rd8 12. O-O Bg4 13. Qb2 Qb6 14. Qxb6
axb6 15. dxc5 Rxd1 16. Rxd1 bxc5 17. Bxc5 Rxa2 18. Bb5 Bxc3 19. Bxc6 bxc6 20.
h3 Bxf3 21. Rd8+ Kg7 22. gxf3 Bf6 23. Rc8 Rc2 24. Rxc6 g5 25. Rc7 Rc3 26. Bb6
Rxf3 27. e5 Bxe5 28. Rxe7 Kf6 29. Re8 Rxh3 30. Bd8+ Kf5 31. Bxg5 f6 32. Be3 Kg4
33. Ra8 Kf3 34. Bc5 Rh5 35. Ra3+ Ke4 36. Ra4+ Kf3 37. Ra3+ Ke4 38. Ra4+ Kd3 39.
Ra3+ Kc4 40. Be3 Bb2 41. Ra4+ Kd3 42. Kg2 Rd5 43. Bf4 Bd4 44. Kf3 Rb5 45. Be3
Bxe3 46. Ra3+ Kd4 47. fxe3+ Ke5 48. Ra7 h5 49. Rh7 Ke6 50. Kf4 Rf5+ 51. Ke4 Rb5
52. Kf4 Rg5 53. e4 Rg4+ 54. Kf3 Rh4 55. Kg3 Rxe4 56. Rxh5 Re5 57. Rh4 Kd5 58.
Ra4 Ke6 59. Kf4 Kf7 60. Kf3 Rb5 61. Rc4 Kg6 62. Rg4+ Kh5 63. Ra4 Rf5+ 64. Kg3
Rb5 65. Kf3 Rb3+ 66. Kf4 Rh3 67. Ra5+ Kg6 68. Rb5 Rh1 69. Ra5 Rf1+ 70. Kg3 Rb1
71. Kf4 Rb4+ 72. Kf3 Rc4 73. Rb5 f5 74. Rb8 Ra4 1/2-1/2

[Event "IHEM"]
[Site "Hamburg"]
[Date "1999.05.28"]
[Round "7.5"]
[White "Mueller, Karsten"]
[Black "Trisic, Alexandar"]
[Result "1-0"]
[WhiteElo "2558"]
[BlackElo "2317"]
[PlyCount "31"]
[EventDate "1999.05.22"]
[Source "ChessBase"]
[SourceDate "1999.10.01"]

1. e4 c5 2. Nf3 d6 3. d4 cxd4 4. Nxd4 Nf6 5. Nc3 a6 6. Bc4 e6 7. Bb3 b5 8. Bg5
Be7 9. Qf3 Qc7 10. e5 Bb7 11. exd6 Bxd6 12. Qe3 h6 13. Bxf6 Bf4 14. Nxe6 fxe6
15. Qxe6+ Kf8 16. Rd1 1-0

[Event "IHEM"]
[Site "Hamburg"]
[Date "1999.05.28"]
[Round "7.6"]
[White "Bekker Jensen, David"]
[Black "Bekker Jensen, Simon"]
[Result "1/2-1/2"]
[WhiteElo "2263"]
[BlackElo "2360"]
[PlyCount "27"]
[EventDate "1999.05.22"]
[Source "ChessBase"]
[SourceDate "1999.10.01"]

1. d4 Nc6 2. Nf3 d6 3. d5 Ne5 4. Nxe5 dxe5 5. g3 e6 6. c4 exd5 7. cxd5 Nf6 8.
Bg2 Bc5 9. O-O O-O 10. Nc3 Bd7 11. Qc2 Rc8 12. Bg5 Be7 13. Rfd1 Qe8 14. a4
1/2-1/2

[Event "IHEM"]
[Site "Hamburg"]
[Date "1999.05.28"]
[Round "7.7"]
[White "Reddmann, Hauke"]
[Black "Rogozenko, Dorian"]
[Result "0-1"]
[WhiteElo "2368"]
[BlackElo "2557"]
[PlyCount "74"]
[EventDate "1999.05.22"]
[Source "ChessBase"]
[SourceDate "1999.10.01"]

1. d4 Nf6 2. Bg5 e6 3. Nd2 h6 4. Bh4 c5 5. e3 cxd4 6. exd4 Be7 7. Ngf3 b6 8.
Nc4 d6 9. c3 O-O 10. Bd3 Bb7 11. O-O Nbd7 12. Re1 Re8 13. a4 Qc7 14. Ncd2 a6
15. Qc2 Rac8 16. Ne4 Nxe4 17. Bxe4 Bxh4 18. Nxh4 Bxe4 19. Qxe4 b5 20. axb5 axb5
21. Re3 d5 22. Qd3 b4 23. Rae1 bxc3 24. bxc3 Nf6 25. Nf3 Ng4 26. R3e2 Qxc3 27.
Qxc3 Rxc3 28. h3 Nf6 29. Re3 Rc2 30. R1e2 Rc1+ 31. Re1 Rec8 32. Ne5 Ne4 33. f3
Ng3 34. Kf2 Nf5 35. Rxc1 Rxc1 36. Rd3 Rc2+ 37. Kg1 f6 0-1

[Event "IHEM"]
[Site "Hamburg"]
[Date "1999.05.28"]
[Round "7.8"]
[White "Maahs, Erich"]
[Black "Kopylov, Mihail"]
[Result "0-1"]
[WhiteElo "2203"]
[BlackElo "2421"]
[PlyCount "100"]
[EventDate "1999.05.22"]
[Source "ChessBase"]
[SourceDate "1999.10.01"]

1. e4 c5 2. Nf3 d6 3. d4 cxd4 4. Nxd4 Nf6 5. Nc3 a6 6. Be3 Ng4 7. Bc1 Nc6 8.
Nd5 g6 9. Be2 Bg7 10. Nb3 Nf6 11. Be3 O-O 12. Bb6 Qd7 13. Nc3 Qe8 14. Qd2 Be6
15. f4 a5 16. Bb5 a4 17. Nd4 Bd7 18. Nde2 Na5 19. Bd3 Be6 20. Nd5 a3 21. Bxa5
axb2 22. Rb1 Nxd5 23. exd5 Bxd5 24. Bc3 Bxg2 25. Rg1 Bc6 26. Bxg7 Kxg7 27. Rxb2
e5 28. f5 Qd8 29. Ng3 Ra4 30. c4 Qh4 31. Qf2 Kg8 32. Ne4 Qxf2+ 33. Nxf2 Rfa8
34. fxg6 hxg6 35. c5 dxc5 36. Bc2 Rxa2 37. Rxg6+ Kf8 38. Rxa2 Rxa2 39. Rxc6
bxc6 40. Be4 Ke7 41. h4 Ke6 42. h5 f5 43. Bxc6 Kf6 44. Bd5 Ra4 45. Bc6 Rh4 46.
Be8 e4 47. Kf1 c4 48. Nd1 Rh1+ 49. Ke2 Rh2+ 50. Ke3 Ke5 0-1

[Event "IHEM"]
[Site "Hamburg"]
[Date "1999.05.28"]
[Round "7.9"]
[White "Reeh, Oliver"]
[Black "Heyken, Enno"]
[Result "0-1"]
[WhiteElo "2420"]
[BlackElo "2325"]
[PlyCount "74"]
[EventDate "1999.05.22"]
[Source "ChessBase"]
[SourceDate "1999.10.01"]

1. d4 Nf6 2. c4 e6 3. Nf3 d5 4. Nc3 Nbd7 5. e3 Be7 6. b3 O-O 7. Bd3 b6 8. O-O
Bb7 9. Bb2 dxc4 10. bxc4 c5 11. Qe2 Qc7 12. Rfd1 Rad8 13. Rac1 Rfe8 14. h3 Qb8
15. d5 exd5 16. Nxd5 Nxd5 17. cxd5 Bf6 18. Bb5 Bxb2 19. Qxb2 Qd6 20. Rd2 a6 21.
Bxd7 Rxd7 22. Rc4 Bxd5 23. Rc1 Qc7 24. Nd4 Qe5 25. Ne2 Qxb2 26. Rxb2 Rb7 27.
Nc3 Bc6 28. Rd1 Kf8 29. Rd6 Rc8 30. e4 b5 31. a3 a5 32. Nd5 Bxd5 33. exd5 b4
34. axb4 axb4 35. Rc2 b3 36. Rb2 c4 37. Rb1 Ke8 0-1

[Event "IHEM"]
[Site "Hamburg"]
[Date "1999.05.28"]
[Round "7.10"]
[White "Joecks, Christian"]
[Black "Bathke, Joerg"]
[Result "1-0"]
[WhiteElo "2415"]
[BlackElo "2225"]
[PlyCount "105"]
[EventDate "1999.05.22"]
[Source "ChessBase"]
[SourceDate "1999.10.01"]

1. e4 c5 2. Nf3 d6 3. d4 cxd4 4. Nxd4 Nf6 5. Nc3 g6 6. Be3 Bg7 7. f3 O-O 8. Qd2
d5 9. e5 Nfd7 10. f4 Nb6 11. b3 Nc6 12. Be2 f6 13. exf6 Bxf6 14. O-O e6 15. a4
Bd7 16. Bf3 Qe7 17. Rad1 Rac8 18. Nce2 Rcd8 19. Nxc6 bxc6 20. Qa5 Rfe8 21. Qxa7
Nc8 22. Qc5 Nd6 23. Bd4 e5 24. fxe5 Bxe5 25. Bxd5+ cxd5 26. Qxd5+ Kg7 27. Bxe5+
Qxe5 28. Qxe5+ Rxe5 29. Rxd6 Rxe2 30. Rfd1 Re7 31. c4 Kf7 32. c5 Rb8 33. Rxd7
Rxb3 34. c6 Rc3 35. Rxe7+ Kxe7 36. Rd7+ Ke6 37. Rc7 Kd6 38. Rxh7 Rxc6 39. a5
Ke6 40. Rb7 Rc2 41. a6 Ra2 42. a7 Kf5 43. Kf1 g5 44. Ke1 g4 45. Kd1 Kf4 46. Kc1
Ke3 47. Rf7 Kd3 48. Kb1 Ra6 49. Kb2 Kc4 50. Rg7 Kd3 51. Kb3 Ke3 52. Rf7 Ra1 53.
Kb4 1-0

[Event "IHEM"]
[Site "Hamburg"]
[Date "1999.05.28"]
[Round "7.12"]
[White "Hochgraefe, Markus"]
[Black "Stanke, Juergen"]
[Result "1-0"]
[WhiteElo "2329"]
[BlackElo "2315"]
[PlyCount "157"]
[EventDate "1999.05.22"]
[Source "ChessBase"]
[SourceDate "1999.10.01"]

1. c4 e5 2. Nc3 d6 3. e3 g6 4. d4 Nd7 5. Nf3 Bg7 6. Be2 Ngf6 7. O-O O-O 8. Rb1
a5 9. a3 exd4 10. exd4 d5 11. c5 b6 12. cxb6 Nxb6 13. Bf4 Nc4 14. Ne5 Nd6 15.
Rc1 Be6 16. Nb5 Nfe8 17. Qa4 Bxe5 18. dxe5 Nxb5 19. Bxb5 Ng7 20. Be3 f6 21.
exf6 Qxf6 22. Qd4 Qf7 23. Qe5 Rfc8 24. Bd4 Bd7 25. Bc6 Bxc6 26. Rxc6 Re8 27.
Qxg7+ Qxg7 28. Bxg7 Kxg7 29. Rxc7+ Kf6 30. Rxh7 Re2 31. Rb7 Rc8 32. Rb5 d4 33.
Rd5 Rd2 34. Rxa5 Rxb2 35. Rd5 Rc4 36. Rd1 Rd2 37. Re1 Rcc2 38. h3 Ra2 39. Rd6+
Kf7 40. Rd7+ Kf6 41. Rd6+ Kf7 42. Rb1 Rxf2 43. Rb7+ Kg8 44. Rxg6+ Kf8 45. Rd7
Rfd2 46. Rg3 Ke8 47. Ra7 Kf8 48. a4 d3 49. Rd7 Ra3 50. a5 Ke8 51. Rd4 Kf7 52.
a6 Rxa6 53. Rdxd3 Rxd3 54. Rxd3 Kg6 55. Kh2 Ra5 56. h4 Kh5 57. Kh3 Ra4 58. Rd5+
Kh6 59. g3 Ra3 60. Re5 Rb3 61. Kg4 Kg6 62. Re6+ Kf7 63. Ra6 Kg7 64. h5 Rb4+ 65.
Kg5 Rb5+ 66. Kh4 Kh7 67. g4 Rb4 68. Re6 Kg7 69. Kg5 Rb5+ 70. Kf4 Rb4+ 71. Kf5
Rb5+ 72. Re5 Rb7 73. Kg5 Ra7 74. h6+ Kg8 75. Kh5 Ra8 76. g5 Ra2 77. Rb5 Kf7 78.
Rb7+ Kg8 79. Rb8+ 1-0

[Event "IHEM"]
[Site "Hamburg"]
[Date "1999.05.28"]
[Round "7.13"]
[White "Pajeken, Wolfgang"]
[Black "Lindinger, Markus"]
[Result "1-0"]
[WhiteElo "2293"]
[BlackElo "2302"]
[PlyCount "67"]
[EventDate "1999.05.22"]
[Source "ChessBase"]
[SourceDate "1999.10.01"]

1. d4 d5 2. Nf3 Nf6 3. c4 dxc4 4. e3 e6 5. Bxc4 c5 6. O-O a6 7. b3 Nbd7 8. Bb2
b6 9. Nc3 Bb7 10. d5 e5 11. e4 Bd6 12. Nh4 g6 13. g3 b5 14. Bd3 Qb6 15. Qe2 O-O
16. a4 b4 17. Nb1 Rae8 18. Nd2 Bb8 19. Rae1 Nh5 20. Nc4 Qd8 21. Ng2 Ng7 22. Qd1
f5 23. f3 f4 24. g4 h5 25. h3 Bc8 26. Kf2 hxg4 27. hxg4 Nf6 28. Rh1 Nxg4+ 29.
fxg4 Qg5 30. Nh4 Nh5 31. Nf3 Qxg4 32. Reg1 Ng3 33. Rh4 Qd7 34. Ncxe5 1-0

[Event "IHEM"]
[Site "Hamburg"]
[Date "1999.05.28"]
[Round "7.14"]
[White "Buhr, Carl Christian"]
[Black "Sass, Andreas"]
[Result "1-0"]
[WhiteElo "2320"]
[BlackElo "2146"]
[PlyCount "109"]
[EventDate "1999.05.22"]
[Source "ChessBase"]
[SourceDate "1999.10.01"]

1. c4 Nf6 2. Nc3 g6 3. g3 Bg7 4. Bg2 e5 5. d3 c5 6. Nf3 d6 7. O-O Nc6 8. Nd2
O-O 9. Re1 Be6 10. Nd5 Qd7 11. Nb1 Ng4 12. h3 Nh6 13. Kh2 f5 14. f4 Rae8 15.
Nbc3 Nf7 16. Rg1 Kh8 17. Rb1 Nh6 18. a3 exf4 19. gxf4 a5 20. Bd2 Qd8 21. Qe1
Ng8 22. b4 axb4 23. axb4 cxb4 24. Nxb4 Nxb4 25. Rxb4 Bc8 26. Qf2 Nf6 27. Bf3
Rf7 28. Rgb1 Kg8 29. Rb6 Rd7 30. R1b5 Rde7 31. Rb1 Rd7 32. Qg2 Rde7 33. Nd1 Kh8
34. e3 Re6 35. R6b5 Qe7 36. R1b3 Qf7 37. Be1 h6 38. Bb4 Qc7 39. Bxb7 Kh7 40.
Bf3 Qd8 41. Ra3 Bd7 42. Ra8 Qe7 43. Ra7 Rxe3 44. Nxe3 Qxe3 45. Rbb7 Qxf4+ 46.
Qg3 Qd4 47. Bxd6 Qxd3 48. Rxd7 Nxd7 49. Rxd7 Qxc4 50. Be5 Rg8 51. Bd5 Qe2+ 52.
Kg1 Qd1+ 53. Kf2 Qc2+ 54. Kf1 Qb1+ 55. Kg2 1-0

[Event "IHEM"]
[Site "Hamburg"]
[Date "1999.05.28"]
[Round "7.15"]
[White "Engelbert, Christoph"]
[Black "Wilhelmi, Christian"]
[Result "1-0"]
[WhiteElo "2211"]
[BlackElo "2446"]
[PlyCount "57"]
[EventDate "1999.05.22"]
[Source "ChessBase"]
[SourceDate "1999.10.01"]

1. e4 c5 2. c3 d5 3. exd5 Qxd5 4. d4 Nf6 5. Nf3 Bg4 6. Be2 e6 7. O-O Nc6 8. h3
Bh5 9. Be3 cxd4 10. cxd4 Bb4 11. a3 Ba5 12. Nc3 Qd6 13. Nb5 Qd5 14. Nc3 Qd6 15.
Nb5 Qb8 16. Ne5 Bxe2 17. Qxe2 O-O 18. Bf4 Nd5 19. Bg3 Qd8 20. Rac1 Nce7 21. Nc4
Nf5 22. Be5 Bb6 23. Rfd1 Rc8 24. g4 Nh4 25. Bd6 Re8 26. Bg3 Qg5 27. Nbd6 Nf4
28. Bxf4 Qxf4 29. Qe3 1-0

[Event "IHEM"]
[Site "Hamburg"]
[Date "1999.05.29"]
[Round "8.1"]
[White "Mueller, Karsten"]
[Black "Kempinski, Robert"]
[Result "0-1"]
[WhiteElo "2558"]
[BlackElo "2533"]
[PlyCount "64"]
[EventDate "1999.05.22"]
[Source "ChessBase"]
[SourceDate "1999.10.01"]

1. e4 c5 2. Nf3 d6 3. d4 cxd4 4. Nxd4 Nf6 5. Nc3 a6 6. Bc4 e6 7. Bb3 Be7 8. g4
Nc6 9. g5 Nxd4 10. Qxd4 Nh5 11. Rg1 b5 12. Be3 Bd7 13. O-O-O a5 14. a3 Rb8 15.
e5 d5 16. Nxd5 exd5 17. Qxd5 Rf8 18. e6 fxe6 19. Qe4 Qc7 20. Rxd7 Qxd7 21. Bxe6
Qc7 22. Rd1 g6 23. a4 Rf4 24. Qd5 Rxa4 25. Kb1 Nf4 26. Qb3 Rb4 27. Qa2 Rd8 28.
Re1 Ra4 29. Qb3 Nxe6 30. Qxe6 Qc4 31. Bc5 Qxe6 32. Rxe6 Rd1# 0-1

[Event "IHEM"]
[Site "Hamburg"]
[Date "1999.05.29"]
[Round "8.2"]
[White "Hansen, Sune Berg"]
[Black "Lamprecht, Frank"]
[Result "1-0"]
[WhiteElo "2499"]
[BlackElo "2399"]
[PlyCount "47"]
[EventDate "1999.05.22"]
[Source "ChessBase"]
[SourceDate "1999.10.01"]

1. e4 e6 2. d4 d5 3. Nd2 c5 4. Ngf3 cxd4 5. exd5 Qxd5 6. Bc4 Qd6 7. O-O Nf6 8.
Nb3 Nc6 9. Qe2 Be7 10. Bg5 a6 11. Rfe1 b5 12. Bd3 Bb7 13. Rad1 O-O 14. c3 Ra7
15. Bb1 Nd5 16. Nbxd4 Bxg5 17. Nxg5 g6 18. Qd3 Qe7 19. Nxh7 Kxh7 20. Nxe6 Nd8
21. Nxf8+ Qxf8 22. Qd4 Ra8 23. Rd3 f6 24. Rg3 1-0

[Event "IHEM"]
[Site "Hamburg"]
[Date "1999.05.29"]
[Round "8.3"]
[White "Loeffler, Stefan"]
[Black "Ftacnik, Lubomir"]
[Result "0-1"]
[WhiteElo "2385"]
[BlackElo "2585"]
[PlyCount "70"]
[EventDate "1999.05.22"]
[Source "ChessBase"]
[SourceDate "1999.10.01"]

1. d4 Nf6 2. c4 g6 3. g3 Bg7 4. Bg2 d5 5. cxd5 Nxd5 6. Nf3 Nb6 7. Nc3 Nc6 8. e3
O-O 9. O-O Re8 10. d5 Na5 11. Nd4 Bd7 12. Nb3 Nbc4 13. Nc5 Rc8 14. Qe2 b5 15.
a4 b4 16. Nb5 c6 17. Nxa7 Qb6 18. dxc6 Bxc6 19. Nxc6 Qxc5 20. Nd4 e5 21. Nb5
Nb3 22. Rb1 Nca5 23. h4 Red8 24. Kh2 h5 25. g4 hxg4 26. Qxg4 Qc2 27. Be4 Qc4
28. Rg1 Nc5 29. Nd6 Rxd6 30. Qxc8+ Kh7 31. Rg4 Qe2 32. Qxc5 Qxg4 33. Qxd6 Qxh4+
34. Kg1 Qxe4 35. Bd2 Qxb1+ 0-1

[Event "IHEM"]
[Site "Hamburg"]
[Date "1999.05.29"]
[Round "8.4"]
[White "Urban, Klaudiusz"]
[Black "Heinemann, Thies"]
[Result "1/2-1/2"]
[WhiteElo "2444"]
[BlackElo "2483"]
[PlyCount "57"]
[EventDate "1999.05.22"]
[Source "ChessBase"]
[SourceDate "1999.10.01"]

1. d4 Nf6 2. Nf3 g6 3. c4 c5 4. dxc5 Na6 5. g3 Nxc5 6. Bg2 Bg7 7. Nc3 O-O 8.
Nd4 d6 9. O-O Rb8 10. h3 a6 11. Be3 Ne6 12. Rc1 Nxd4 13. Bxd4 Be6 14. c5 Qd7
15. cxd6 exd6 16. h4 Rbc8 17. b3 b5 18. Bxf6 Bxf6 19. Nd5 Bxd5 20. Qxd5 Qe7 21.
Rxc8 Rxc8 22. e3 Kg7 23. Rd1 Rc2 24. a4 bxa4 25. bxa4 Qd7 26. a5 Qc7 27. Bf1
Be5 28. Bxa6 Rc5 29. Qf3 1/2-1/2

[Event "IHEM"]
[Site "Hamburg"]
[Date "1999.05.29"]
[Round "8.5"]
[White "Rogozenko, Dorian"]
[Black "Bach, Matthias"]
[Result "1-0"]
[WhiteElo "2557"]
[BlackElo "2337"]
[PlyCount "105"]
[EventDate "1999.05.22"]
[Source "ChessBase"]
[SourceDate "1999.10.01"]

1. d4 d5 2. c4 e6 3. Nf3 c5 4. cxd5 exd5 5. g3 Nc6 6. Bg2 Nf6 7. O-O Be7 8. Nc3
O-O 9. Bg5 c4 10. Ne5 Be6 11. b3 Qa5 12. Na4 Rac8 13. bxc4 Nxd4 14. cxd5 Bxd5
15. Qxd4 Rfd8 16. Qb2 Bxg2 17. Kxg2 Qxa4 18. Qxb7 Re8 19. Rac1 Rb8 20. Qf3 h6
21. Bf4 Bd6 22. Ng4 Ne4 23. Bxd6 Nxd6 24. Ne3 Ne4 25. Rc4 Rb4 26. Rxb4 Qxb4 27.
Rc1 Qb2 28. Rc2 Qb1 29. h4 Nf6 30. Qc6 Kh7 31. a4 Re6 32. Qb5 Qe1 33. Rc7 a6
34. Qd3+ Kg8 35. Rc8+ Ne8 36. Ra8 Qa5 37. Qd7 Qe5 38. Qb7 a5 39. Qd5 Qb2 40.
Qb5 Qxb5 41. axb5 Kh7 42. Rxa5 Re5 43. Ra7 Nd6 44. Rd7 Nxb5 45. Rxf7 Nd4 46.
Kf1 Ra5 47. Rd7 Ra1+ 48. Kg2 Ra4 49. Rc7 Nxe2 50. Nf5 Kg6 51. Nxg7 Nc3 52. Ne8
Ra2 53. g4 1-0

[Event "IHEM"]
[Site "Hamburg"]
[Date "1999.05.29"]
[Round "8.6"]
[White "Kopylov, Mihail"]
[Black "Bekker Jensen, David"]
[Result "1-0"]
[WhiteElo "2421"]
[BlackElo "2263"]
[PlyCount "89"]
[EventDate "1999.05.22"]
[Source "ChessBase"]
[SourceDate "1999.10.01"]

1. d4 Nf6 2. c4 g6 3. g3 Bg7 4. Bg2 O-O 5. Nf3 d6 6. O-O c6 7. Nc3 Na6 8. h3
Qb6 9. e4 e5 10. Re1 exd4 11. Nxd4 Nd7 12. Nb3 Ne5 13. Bf1 Be6 14. Be3 Qd8 15.
Nd2 Nb4 16. Qb1 a5 17. a3 d5 18. axb4 d4 19. Bf4 dxc3 20. bxc3 Qf6 21. Rxa5
Rxa5 22. bxa5 Rd8 23. Rd1 g5 24. Bxe5 Qxe5 25. Nb3 Re8 26. Nd4 Bc8 27. Qb6 Qxe4
28. Bg2 Qe7 29. a6 bxa6 30. Nxc6 Qf6 31. Qc7 Bf8 32. Nd4 h5 33. Bd5 h4 34. Rd3
Bxh3 35. Rf3 hxg3 36. Qxg3 Re1+ 37. Kh2 Bf5 38. Rxf5 Qh6+ 39. Qh3 Bd6+ 40. f4
Bxf4+ 41. Rxf4 Qxh3+ 42. Kxh3 gxf4 43. c5 Re5 44. c4 Kf8 45. Kg4 1-0

[Event "IHEM"]
[Site "Hamburg"]
[Date "1999.05.29"]
[Round "8.7"]
[White "Bekker Jensen, Simon"]
[Black "Heyken, Enno"]
[Result "1-0"]
[WhiteElo "2360"]
[BlackElo "2325"]
[PlyCount "67"]
[EventDate "1999.05.22"]
[Source "ChessBase"]
[SourceDate "1999.10.01"]

1. d4 e6 2. c4 c5 3. d5 exd5 4. cxd5 d6 5. Nc3 a6 6. a4 g6 7. Nf3 Bg7 8. g3 Nf6
9. Bg2 O-O 10. O-O Re8 11. Bf4 h6 12. Re1 g5 13. Bd2 Bf5 14. h4 g4 15. Nh2 h5
16. e4 Bg6 17. Bf4 Nfd7 18. Nf1 Ne5 19. Ne3 Qb6 20. Qc2 Nbd7 21. Nf5 Bh8 22. b3
Qc7 23. Rac1 Rab8 24. Ne2 b5 25. axb5 axb5 26. Ned4 Qb6 27. Nc6 Nxc6 28. dxc6
Bxf5 29. exf5 Ne5 30. Bxe5 Rxe5 31. Rxe5 Bxe5 32. Qd2 c4 33. Qg5+ Kf8 34. f6
1-0

[Event "IHEM"]
[Site "Hamburg"]
[Date "1999.05.29"]
[Round "8.8"]
[White "Hochgraefe, Markus"]
[Black "Joecks, Christian"]
[Result "1/2-1/2"]
[WhiteElo "2329"]
[BlackElo "2415"]
[PlyCount "22"]
[EventDate "1999.05.22"]
[Source "ChessBase"]
[SourceDate "1999.10.01"]

1. c4 Nf6 2. Nc3 g6 3. e4 d6 4. d4 Bg7 5. f3 O-O 6. Be3 e5 7. d5 Nh5 8. Qd2
Qh4+ 9. Bf2 Qf4 10. Be3 Qh4+ 11. Bf2 Qf4 1/2-1/2

[Event "IHEM"]
[Site "Hamburg"]
[Date "1999.05.29"]
[Round "8.9"]
[White "Voigt, Martin"]
[Black "Trisic, Alexandar"]
[Result "1-0"]
[WhiteElo "2257"]
[BlackElo "2317"]
[PlyCount "77"]
[EventDate "1999.05.22"]
[Source "ChessBase"]
[SourceDate "1999.10.01"]

1. e4 c5 2. Nf3 d6 3. d4 cxd4 4. Nxd4 Nf6 5. Nc3 a6 6. Bc4 e6 7. Bb3 b5 8. f4
Bb7 9. f5 e5 10. Nde2 Nbd7 11. Bg5 Be7 12. Bxf6 Nxf6 13. Qd3 Qb6 14. h3 O-O 15.
O-O-O a5 16. Nd5 Bxd5 17. Bxd5 Rac8 18. Kb1 Rc5 19. g4 b4 20. c4 bxc3 21. Nxc3
Rb8 22. Bb3 Qb7 23. Rhe1 h6 24. Re2 Qc7 25. Na4 Rc6 26. Rc2 Rb4 27. Rdc1 Rxc2
28. Rxc2 Qb7 29. Nc3 Rd4 30. Qf3 Bd8 31. Bd5 Qb4 32. a3 Qb8 33. h4 Nd7 34. g5
Nf8 35. gxh6 Bf6 36. hxg7 Nh7 37. Qh5 Qe8 38. Nb5 Rxd5 39. Nc7 1-0

[Event "IHEM"]
[Site "Hamburg"]
[Date "1999.05.29"]
[Round "8.10"]
[White "Buhr, Carl Christian"]
[Black "Reeh, Oliver"]
[Result "1/2-1/2"]
[WhiteElo "2320"]
[BlackElo "2420"]
[PlyCount "63"]
[EventDate "1999.05.22"]
[Source "ChessBase"]
[SourceDate "1999.10.01"]

1. d4 Nf6 2. c4 g6 3. Nc3 Bg7 4. e4 d6 5. Nf3 O-O 6. Be2 c5 7. O-O cxd4 8. Nxd4
Nc6 9. Nc2 Nd7 10. Be3 Nc5 11. f3 Be6 12. Qd2 a5 13. Rab1 a4 14. Nd4 Nxd4 15.
Bxd4 Bxd4+ 16. Qxd4 Qb6 17. Rfd1 Nd7 18. Nb5 Rfc8 19. Rbc1 Qxd4+ 20. Nxd4 Nc5
21. Rc3 Bd7 22. Kf2 Kf8 23. Ke3 e5 24. Nc2 Ke7 25. Nb4 Bc6 26. Nd3 f5 27. Nxc5
dxc5 28. Rcd3 fxe4 29. fxe4 Rd8 30. Rxd8 Rxd8 31. Rxd8 Kxd8 32. Bd3 1/2-1/2

[Event "IHEM"]
[Site "Hamburg"]
[Date "1999.05.29"]
[Round "8.11"]
[White "Maahs, Erich"]
[Black "Pajeken, Wolfgang"]
[Result "0-1"]
[WhiteElo "2203"]
[BlackElo "2293"]
[PlyCount "80"]
[EventDate "1999.05.22"]
[Source "ChessBase"]
[SourceDate "1999.10.01"]

1. e4 Nf6 2. e5 Nd5 3. d4 d6 4. c4 Nb6 5. f4 dxe5 6. fxe5 Nc6 7. Be3 Bf5 8. Nf3
e6 9. Nc3 Qd7 10. Qd2 O-O-O 11. c5 Nd5 12. Bb5 Nxe3 13. Qxe3 Be7 14. O-O-O h6
15. h4 Rhg8 16. Rhg1 Bg4 17. Qf4 h5 18. Kb1 Bxh4 19. d5 exd5 20. Qa4 Bxf3 21.
gxf3 Bf2 22. Rxd5 Qf5+ 23. Bd3 Qe6 24. Bc4 Rxd5 25. Bxd5 Qf5+ 26. Be4 Qxe5 27.
Bxc6 Bxg1 28. Bd5 Qe1+ 29. Kc2 Bxc5 30. Qf4 Qe7 31. Qf5+ Kb8 32. Qxh5 g6 33.
Qh7 Rf8 34. f4 Bd4 35. Qh1 Bxc3 36. bxc3 Qe2+ 37. Kb3 Qb5+ 38. Kc2 c6 39. Bb3
Qf5+ 40. Kb2 Qxf4 0-1

[Event "IHEM"]
[Site "Hamburg"]
[Date "1999.05.29"]
[Round "8.12"]
[White "Bathke, Joerg"]
[Black "Reddmann, Hauke"]
[Result "0-1"]
[WhiteElo "2225"]
[BlackElo "2368"]
[PlyCount "54"]
[EventDate "1999.05.22"]
[Source "ChessBase"]
[SourceDate "1999.10.01"]

1. e4 c5 2. f4 e5 3. Nf3 exf4 4. d4 g5 5. Bc4 Bg7 6. O-O Nc6 7. Nc3 h6 8. e5 d5
9. Bxd5 cxd4 10. Nb5 Nge7 11. Nd6+ Kf8 12. Bxf7 Nxe5 13. Nxc8 Nxf7 14. Nxe7
Qxe7 15. Qd3 Rd8 16. Re1 Qd6 17. b3 h5 18. Bb2 g4 19. Nh4 Ne5 20. Qe4 f3 21.
Nf5 Qf6 22. Rad1 h4 23. Bxd4 Rxd4 24. Rxd4 Rh5 25. Qxe5 f2+ 26. Kh1 Qxe5 27.
Rd8+ Kf7 0-1